Statistics for Newsies Songs (Broadway)

Click here to take the quiz!

General Stats

  • This quiz has been taken 218 times
  • The average score is 13 of 17

Answer Stats

Song NumberSong Title% Correct
10Santa Fe
99%
3Carrying the Banner
97%
8Watch What Happens
94%
9Seize the Day
90%
11King of New York
89%
5That's Rich
83%
17Finale
81%
7The World Will Know
81%
4The Bottom Line
79%
16Once and for All
78%
14Brooklyn's Here
75%
12Watch What Happens Reprise
74%
15Something to Believe In
71%
13The Bottom Line Reprise
69%
2Santa Fe Prologue
67%
1Overture
64%
6I Never Planned on You/Don't Come A-knocking
58%

Score Distribution

Percentile by Number Answered

Percent of People with Each Score

Your Score History

You have not taken this quiz